000 07252 a2200613 4500
005 20090511135725.0
008 090511t xxu||||| |||| 00| 0 eng d
010 _aENG-90106 B-311474-502
020 _a0230634613
_c225.00
020 _a9780230634619
_c225.00
035 _aEN-73639
035 _aB-311474-502
037 _bDBAD / PUB
040 _aDPL
_bEnglish
082 _a155.9042
100 _aBatra, Promod
245 _aSimple ways to manage stress/
_cby Promod Batra
250 _a2nd ed
260 _aNew Delhi
_bMacmillan India
_c2008
270 _a2/10, Ansari Road, Daryaganj,
_bNew Delhi
_e110002
_cDelhi
300 _a304p.:
_c24 cm. (pbk)
_bill.
942 _adpl
_cEN
_k155.9042 / BAT
_2ddc
_h155.9042
_mBAT
999 _c12080
_d12080